Relazione sulle opere di costruzione eseguite dai condannati ai lavori forzati sotto la direzione del genio militare. (Record no. 189268)
[ view plain ]
| 000 -LEADER | |
|---|---|
| campo de control de longitud fija | 00979nam a2200193 i 4500 |
| 001 - NÚMERO DE CONTROL | |
| campo de control | 189268 |
| 003 - IDENTIFICADOR DE NÚMERO DE CONTROL | |
| campo de control | ES-MaACL |
| 005 - FECHA Y HORA DE LA ÚLTIMA TRANSACCIÓN | |
| campo de control | 20250719062548.0 |
| 008 - DATOS DE LONGITUD FIJA--INFORMACIÓN GENERAL | |
| campo de control de longitud fija | 190520s1885 it |||| | ita d |
| 245 00 - MENCIÓN DEL TÍTULO | |
| Título | Relazione sulle opere di costruzione eseguite dai condannati ai lavori forzati sotto la direzione del genio militare. |
| 260 ## - PUBLICACIÓN, DISTRIBUCIÓN, ETC. | |
| Lugar de publicación, distribución, etc. | Roma : |
| Nombre del editor, distribuidor, etc. | Tip. delle Mantellate, |
| Fecha de publicación, distribución, etc. | 1885. |
| 300 ## - DESCRIPCIÓN FÍSICA | |
| Extensión | 37 p. ; |
| Dimensiones | 26 cm. |
| 650 #4 - PUNTO DE ACCESO ADICIONAL DE MATERIA--TÉRMINO DE MATERIA | |
| Término de materia o nombre geográfico como elemento de entrada | Establecimientos penitenciarios- |
| Subdivisión geográfica | Italia. |
| 9 (RLIN) | 141897 |
| 852 ## - LOCALIZACIÓN | |
| Ubicación | ES-MaACL |
| Número de control de estantería | D-85(8) |
| itemnumber | 196406 |
| Sublocalización o colección | R.FOLL.5/8 |
| Ubicación en estantería | Sala Valle Inclán |
| Signatura antigua | Olim: 193-C-19 |
| Marcas de propiedad | Sello en tinta en portada: "Donativo del Sr. Lastres al Ateneo de Madrid 1907" |
| Anotaciones manuscritas | Anotación manuscrita en portada: "Folletos penitenciarios. Tomo 9" |
| Donativo/Legado | Donación: Francisco Lastres y Juiz |
| Encuadernación | Encuadernado con otras obras formando un volumen faacticio |
| 903 ## - NOMBRE PERSONAL DE DONANTE | |
| a | Lastres y Juiz, Francisco, |
| d | 1848-1918 |
| q | 1 |
| e | Donante |
| 9 | 70504 |
| 942 ## - ELEMENTOS DE ENTRADA SECUNDARIOS (KOHA) | |
| Fuente del sistema de clasificación o colocación | Clasificación decimal universal |
| Tipo de ítem Koha | Folleto |
| Estatus retirado | Estado de pérdida | Fuente del sistema de clasificación o colocación | Estado de daño | No para préstamo | Colección | Biblioteca de origen | Biblioteca actual | Ubicación en estantería | Fecha de adquisición | Fuente de adquisición | Total de préstamos | Signatura topográfica completa | Código de barras | Visto por última vez | Precio de reemplazo | Tipo de ítem Koha |
|---|---|---|---|---|---|---|---|---|---|---|---|---|---|---|---|---|
| Clasificación decimal universal | Colección de folletos | Biblioteca del Ateneo de Madrid | Biblioteca del Ateneo de Madrid | Sala Valle Inclán | 20/05/2019 | Donación | D-85(8) | 901200529 | 23/02/2023 | 23/02/2023 | Folleto |
